FC Barcelona Squad 2019-2020 - Statistics

General Stats
  • This quiz has been taken 163 times
    149 since last reset
  • The average score is 16 of 22
Answer Stats
Playing position Player % Correct
Goalkeeper Marc-Andre ter Stegen
98%
Forward Lionel Messi
97%
Defender Gerard Pique
94%
Defender Jordi Alba
92%
Forward Luis Suarez
91%
Midfielder Sergio Busquets
85%
Defender Samuel Umtiti
84%
Goalkeeper Neto
82%
Forward Antoine Griezmann
80%
Defender Sergi Roberto
79%
Defender Clement Lenglet
78%
Forward Ousmane Dembele
77%
Midfielder Frenkie de Jong
74%
Midfielder Ivan Rakitić
74%
Defender Nelson Semedo
71%
Midfielder Arturo Vidal
67%
Midfielder Arthur
66%
Defender Junior Firpo
52%
Midfielder Carles Alena
39%
Defender Jean-Clair Todibo
32%
Defender Moussa Wague
24%
Midfielder Rafinha
22%
No matching quizzes found
Score Distribution
Percent of People with Each Score
Percentile by Number Answered
Your Score History
You have not taken this quiz since the last reset